هدنة أمل من اجل الشرق الأوسط / (رقم التسجيلة. 120860)

تفاصيل مارك
000 -LEADER
fixed length control field 00504nam a22001817a 4500
005 - DATE AND TIME OF LATEST TRANSACTION
control field 20251108174908.0
008 - FIXED-LENGTH DATA ELEMENTS--GENERAL INFORMATION
fixed length control field 250721s2010 xx 000 0 ara d
082 14 - DEWEY DECIMAL CLASSIFICATION NUMBER
Classification number 341.52/أرل
100 1# - MAIN ENTRY--PERSONAL NAME
Personal name أرليخ، إيال
Relator term مؤلف
245 10 - TITLE STATEMENT
Title هدنة أمل من اجل الشرق الأوسط /
264 1# - PRODUCTION, PUBLICATION, DISTRIBUTION, MANUFACTURE, AND COPYRIGHT NOTICE
Place of production, publication, distribution, manufacture عمان :
Name of producer, publisher, distributor, manufacturer دار الجليل،
Date of production, publication, distribution, manufacture, or copyright notice 2010.
300 ## - PHYSICAL DESCRIPTION
Extent 370ص.
650 17 - SUBJECT ADDED ENTRY--TOPICAL TERM
Topical term or geographic name as entry element القانون
650 17 - SUBJECT ADDED ENTRY--TOPICAL TERM
Topical term or geographic name as entry element الهدنة
650 17 - SUBJECT ADDED ENTRY--TOPICAL TERM
Topical term or geographic name as entry element السلام
942 ## - ADDED ENTRY ELEMENTS (KOHA)
Source of classification or shelving scheme Dewey Decimal Classification
Koha item type كتب
المقتنيات
حالة السحب حالة الفقدان مصدر التصنيف حالة التلف غير قابل للإعارة المكتبة الرئيسية المكتبة الحالية موقع الرف تاريخ التزويد الرقم المتسلسل Total Checkouts رقم الإستدعاء الباركود تاريخ آخر ظهور تاريخ الفاتورة نوع المادة (كوها)
    Dewey Decimal Classification     مكتبة الأميرة ايمان العامة مكتبة الأميرة ايمان العامة الإعارة 13/07/2010 1395738   341.52/أرل PLD00156899 28/07/2025 13/07/2010 كتب
    Dewey Decimal Classification     مكتبة الاميرة بديعة مكتبة الاميرة بديعة الإعارة 13/07/2010 1395734   341.52/أرل PLD00156903 28/07/2025 13/07/2010 كتب
    Dewey Decimal Classification     مكتبة الجويدة مكتبة الجويدة الإعارة 13/07/2010 1395735   341.52/أرل PLD00156902 28/07/2025 13/07/2010 كتب
    Dewey Decimal Classification     مكتبة الحسن العامة مكتبة الحسن العامة الإعارة 13/07/2010 1395736   341.52/أرل PLD00156901 28/07/2025 13/07/2010 كتب
    Dewey Decimal Classification     مكتبة النصر العامة مكتبة النصر العامة الإعارة 13/07/2010 1395732   341.52/أرل PLD00156905 28/07/2025 13/07/2010 كتب
    Dewey Decimal Classification     مكتبة حمزة العامة مكتبة حمزة العامة الإعارة 13/07/2010 1395737   341.52/أرل PLD00156900 28/07/2025 13/07/2010 كتب
    Dewey Decimal Classification     مكتبة صويلح العامة مكتبة صويلح العامة الإعارة 13/07/2010 1395730   341.52/أرل PLD00156907 28/07/2025 13/07/2010 كتب
    Dewey Decimal Classification     مكتبة وادي السير العامة مكتبة وادي السير العامة الإعارة 13/07/2010 1395731   341.52/أرل PLD00156906 28/07/2025 13/07/2010 كتب
    Dewey Decimal Classification     مكتبةمؤتة مكتبةمؤتة الإعارة 20/03/2011 1428161   341.52/أرل PLD00198018 28/07/2025 20/03/2011 كتب
Implemented & Customized by: BBB with SCIT (Smart Chains for Information Technology)

Powered by Koha